Ο σύλλογος διδασκόντων ως μια μορφή συνεργατικής διοίκησης-ηγεσίας : η συμβολή του στην ομαδική λήψη αποφάσεων ; διπλωματική εργασία [μεταπτυχιακή εργασία]

Αποθηκεύτηκε σε:
Λεπτομέρειες βιβλιογραφικής εγγραφής
Κύριος συγγραφέας: Οικονόμου, Αντώνιος Χρ
Συγγραφή απο Οργανισμό/Αρχή: Πανεπιστήμιο Αιγαίου Σχολή Ανθρωπιστικών Επιστημών Τμήμα Επιστημών της Προσχολικής Αγωγής και του Εκπαιδευτικού Σχεδιασμού Πρόγραμμα Μεταπτυχιακών Σπουδών Νέες Μορφές Εκπαίδευσης και Μάθησης
Άλλοι συγγραφείς: Φώκιαλη, Περσεφόνη (dgsf)
Μορφή: Thesis Βιβλίο
Γλώσσα:Greek
Δημοσίευση: 2016.
Θέματα:
Διαθέσιμο Online:http://hdl.handle.net/11610/22603
Ετικέτες: Προσθήκη ετικέτας
Δεν υπάρχουν, Καταχωρήστε ετικέτα πρώτοι!

MARC

LEADER 00000cam a2200000 a 4500
001 1/111787
008 160909s2016####gr | ||| |||| ||gre||
040 |a GR-MyUa  |b gre  |c GR-MyUa  |e AACR2 
041 0 |a gre 
082 7 |a 371.2   |2 (23) 
100 1 |a Οικονόμου, Αντώνιος Χρ. 
245 1 2 |a Ο σύλλογος διδασκόντων ως μια μορφή συνεργατικής διοίκησης-ηγεσίας :   |b η συμβολή του στην ομαδική λήψη αποφάσεων ; διπλωματική εργασία [μεταπτυχιακή εργασία] /   |c Οικονόμου Αντώνιος Χρ. ; επιβλέπουσα καθηγήτρια: Φώκιαλη Περσεφόνη.  
260 |c 2016.  
300 |a 110 σ. :   |b πίν., διαγρ. ;   |c 30 εκ.  
502 |a Διατριβή (μεταπτυχιακή) – Πανεπιστήμιο Αιγαίου, Ρόδος, 2016. 
504 |a Βιβλιογραφία: σ. 95-97.  
506 0 |a Πλήρες κείμενο - Ελεύθερη δημοσίευση.  
650 0 |a School management and organization. 
650 0 |a Teachers' unions  |z Greece. 
650 0 |a Interpersonal relations. 
650 0 |a Teachers  |x Attitudes. 
650 0 |a Educational leadership. 
700 1 |a Φώκιαλη, Περσεφόνη,  |e dgsf 
710 2 |a Πανεπιστήμιο Αιγαίου   |b Σχολή Ανθρωπιστικών Επιστημών   |b Τμήμα Επιστημών της Προσχολικής Αγωγής και του Εκπαιδευτικού Σχεδιασμού   |b Πρόγραμμα Μεταπτυχιακών Σπουδών Νέες Μορφές Εκπαίδευσης και Μάθησης. 
852 |a INST  |b RHODES  |c DIATR  |e 20160909  |h 371.2 ΟΙΚ  |p 005400038718  |q 005400038718  |t MTXE  |y 23 
856 |u http://hdl.handle.net/11610/22603 
924 |a Οικονόμου   |b Αντώνιος Χρ.   |y Ρόδος  |z 2016-06  
970 |z 09-09-2016